| 000 | 00430cam a2200157 4500 | ||
|---|---|---|---|
| 001 | 934 | ||
| 005 | 20250523145805.0 | ||
| 008 | 030701s2004 nju b 001 0 eng | ||
| 010 | _a 2003015096 | ||
| 020 | _a9780415084345 | ||
| 100 | 1 | _aWeber,Max. | |
| 245 | 1 | 4 |
_aThe protestant ethics and spirit of capitalism : _cWeber,Max. |
| 260 |
_a London. _b"Routledge 1930, _cc2004. |
||
| 300 |
_axxvi 292 p. ; _c23 cm. |
||
| 942 |
_2ddc _cMAIN |
||
| 999 |
_c10260 _d10261 |
||